| 000 -LEADER |
| fixed length control field |
00413cam a22001337a 4500 |
| 008 - FIXED-LENGTH DATA ELEMENTS--GENERAL INFORMATION |
| fixed length control field |
180718b1978 xxu||||| |||| 00| 0 eng d |
| 082 ## - DEWEY DECIMAL CLASSIFICATION NUMBER |
| Classification number |
A6x5412 C392 V.2 |
| 245 ## - TITLE STATEMENT |
| Title |
Bengal : Early nineteenth century |
| Statement of responsibility, etc. |
edited by Gautam Chattopadhyay |
| 260 ## - PUBLICATION, DISTRIBUTION, ETC. |
| Place of publication, distribution, etc. |
Calcutta |
| Name of publisher, distributor, etc. |
Research India |
| Date of publication, distribution, etc. |
1978 |
| 300 ## - PHYSICAL DESCRIPTION |
| Extent |
xix,281p. |
| 500 ## - GENERAL NOTE |
| General note |
Rs. 60.00 |
| 650 ## - SUBJECT ADDED ENTRY--TOPICAL TERM |
| Topical term or geographic name entry element |
Bengal (India) --Intellectual life. |
| 700 ## - ADDED ENTRY--PERSONAL NAME |
| Personal name |
Chattopadhyay, Gautam |